Five Stages of Grief Quiz Stats

 Plays Quiz Updated Jun 12, 2014

     
Support Sporcle.
Go Orange.
Score 0/5 Timer 01:00
0 Plays Today
% Correct
Acceptance
92.1%
Denial
90.2%
Anger
89.3%
Bargaining
59.7%
Depression
56.2%

From the Vault

Famous Females 7-to-1

by samc67

History 6m
Anything men can do, these women can do better.
Remove Ads.
Support Sporcle.
Get the best of Sporcle when you Go Orange. This ad-free experience offers more features, more stats, and more fun while also helping to support Sporcle. Thank you for becoming a member.

Show Comments

Extras

Top Quizzes Today


Score Distribution

Your Account Isn't Verified!

In order to create a playlist on Sporcle, you need to verify the email address you used during registration. Go to your Sporcle Settings to finish the process.

Report this User

Report this user for behavior that violates our Community Guidelines.

Details: